| 000 | 00869nam a2200181Ia 4500 | ||
|---|---|---|---|
| 008 | 151202s9999||||xx |||||||||||||| ||und|| | ||
| 082 | _bPNVM-86367 | ||
| 100 | _aदेवधर विजय | ||
| 245 | _aकार्लसनची जलपरी आणि विलक्षण गुढकथा | ||
| 260 | _b"चंद्रकला प्रकाशन३९/५८४,लोकमान्यनगर नवी पेठ पुणे ३ फ़ोन नं-२४३३२७२७" | ||
| 260 | _c2012 | ||
| 300 | _a168 | ||
| 600 | _aदेवधर विजय | ||
| 630 | _aकार्लसनची जलपरी आणि विलक्षण गुढकथा | ||
| 700 | _aदेवधर विजय | ||
| 730 | _aकार्लसनची जलपरी आणि विलक्षण गुढकथा | ||
| 942 | _cBOOK | ||
| 999 |
_c1350413 _d1350410 |
||